| 000 | 00706nam a22002412a 4500 | ||
|---|---|---|---|
| 999 |
_c8076 _d8076 |
||
| 001 | 8076 | ||
| 003 | BD - JhCC | ||
| 005 | 20180218115217.0 | ||
| 008 | 500101s1960 enka j 000 0 eng d | ||
| 035 | _a(BD - JhCC)8076 | ||
| 040 |
_aDLC _cGUA _dUKM _dEQO _dBD - JhCC |
||
| 041 | _aeng | ||
| 050 | 0 |
_aPN2037 _b.B85 |
|
| 082 |
_a792.02 _bBUR 1960 |
||
| 100 | 1 |
_aBurgess, C. V. _q(Christopher Victor), _d1921- |
|
| 245 | 1 | 0 |
_aDiscovering the theatre. / _cWith illus. by Derek H. Riley. |
| 260 |
_aLondon : _bUniversity of London Press, _c[c1960] |
||
| 300 |
_a128 p ;. _bill. _c20 cm. |
||
| 504 | _aIncludes bibliography. | ||
| 650 | 0 |
_aTheater _xJuvenile literature. |
|
| 942 |
_2ddc _cBK |
||